000 01318nam a2200385 i 4500
001 12114
003 KOSZ 005
005 20240405063012.0
008 071123s1968 pl f 000 0 pol
015 _aPB 1968/9860
040 _aWA N
_cWA N
_dKOSZ 005/RW
_dKOSZ 005/HR
046 _k1968
080 _a331.6(438)
080 _a331.2(438)
100 1 _aObodowski, Janusz
_d(1930-2011)
_eAutor
245 1 0 _aPraca i płaca /
_cJanusz Obodowski, Stanisław Spotan.
260 _aWarszawa :
_bKsiążka i Wiedza,
_c1968.
300 _a123, [5] s. ;
_c20 cm.
380 _aKsiążki
388 _a1901-2000
388 _a1945-1989
490 1 _aKierunki Doskonalenia Gospodarki między IV a V Zjazdem PZPR.
504 _aBibliogr. s. [125].
648 4 _a1901-2000
648 4 _a1945-1989
650 4 _aPłaca
650 4 _aZatrudnienie
651 7 _aPolska
658 _aGospodarka, ekonomia, finanse
700 1 _aSpotan, Stanisław
_eAutor
710 2 _aSpółdzielnia Wydawniczo-Handlowa "Książka i Wiedza"
_4pbl.
830 0 _aKierunki Doskonalenia Gospodarki między IV a V Zjazdem PZPR.
856 _uhttp://koha.tu.koszalin.pl/cgi-bin/koha/opac-detail.pl?biblionumber=12114
_yKatalog online BPK
942 _2UKD
_cKS
999 _c12114
_d12114